|
|
|
|
| LEADER |
02267nam a22003733i 4500 |
| 001 |
EBC31465767 |
| 003 |
MiAaPQ |
| 005 |
20240729202206.0 |
| 006 |
m o d | |
| 007 |
cr cnu|||||||| |
| 008 |
240729s2024 xx o ||||0 eng d |
| 020 |
|
|
|a 9783111382715
|q (electronic bk.)
|
| 035 |
|
|
|a (MiAaPQ)EBC31465767
|
| 035 |
|
|
|a (Au-PeEL)EBL31465767
|
| 035 |
|
|
|a (OCoLC)1437943014
|
| 040 |
|
|
|a MiAaPQ
|b eng
|e rda
|e pn
|c MiAaPQ
|d MiAaPQ
|
| 100 |
1 |
|
|a Grossmann, Eike.
|
| 245 |
1 |
0 |
|a Female Agency in Manuscript Cultures.
|
| 250 |
|
|
|a 1st ed.
|
| 264 |
|
1 |
|a Berlin/Boston :
|b Walter de Gruyter GmbH,
|c 2024.
|
| 264 |
|
4 |
|c Ã2024.
|
| 300 |
|
|
|a 1 online resource (326 pages)
|
| 336 |
|
|
|a text
|b txt
|2 rdacontent
|
| 337 |
|
|
|a computer
|b c
|2 rdamedia
|
| 338 |
|
|
|a online resource
|b cr
|2 rdacarrier
|
| 490 |
1 |
|
|a Studies in Manuscript Cultures Series ;
|v v.39
|
| 505 |
0 |
|
|a Intro -- Contents -- Introduction: Issues in the Study of Female Agency in Manuscript Cultures -- Patrons of Paper and Clay: Methods for Studying Women's Religiosity in Ancient Japan -- Inscribing Women at an Archaeological Site in China -- Cuneiform Manuscript Culture and Gender Studies -- Female Monastics and Devotees in Late Antique and Byzantine Egypt: Papyrological, Epigraphic and Archaeological Sources -- Materials, Methods, and Motives: Female Scribal Agency in Late Medieval and Early Modern Italian Religious Houses -- The Invisible Obvious: Women's Liturgy at Klosterneuburg -- Monastic Book Production in the Late Medieval Low Countries: The Sister Scribes of Jericho and the Building of their Manuscript Collection -- Contributors -- General Index.
|
| 588 |
|
|
|a Description based on publisher supplied metadata and other sources.
|
| 590 |
|
|
|a Electronic reproduction. Ann Arbor, Michigan : ProQuest Ebook Central, 2024. Available via World Wide Web. Access may be limited to ProQuest Ebook Central affiliated libraries.
|
| 655 |
|
4 |
|a Electronic books.
|
| 776 |
0 |
8 |
|i Print version:
|a Grossmann, Eike
|t Female Agency in Manuscript Cultures
|d Berlin/Boston : Walter de Gruyter GmbH,c2024
|
| 797 |
2 |
|
|a ProQuest (Firm)
|
| 830 |
|
0 |
|a Studies in Manuscript Cultures Series
|
| 856 |
4 |
0 |
|u https://ebookcentral.proquest.com/lib/matrademy/detail.action?docID=31465767
|z Click to View
|